000 01512nam a2200433 i 4500
001 40241
003 KOSZ 005
005 20200109075810.0
008 020201s2001 pl a f f |000 0 pol
015 _aPB 2002/2006
020 _a8371991819
040 _aWA N
_cWA N
_dKOSZ 005/HR
041 0 _apol
046 _k2001
080 _a005.6
080 _a658.56
080 _a(075.8)
100 1 _aSęp, Jarosław
_eAutor
245 1 0 _aMetody i narzędzia zarządzania jakością /
_cJarosław Sęp, Andrzej Pacana.
260 _aRzeszów :
_bOficyna Wydawnicza Politechniki Rzeszowskiej,
_c2001.
300 _a83 s. :
_bil. ;
_c24 cm.
336 _2rdacontent
_aTekst
_btxt
337 _2rdamedia
_aBez urządzenia pośredniczącego
_bn
338 _2rdacarrier
_aWolumin
_bnc
380 _aKsiążki
380 _aPublikacje dydaktyczne
385 _mPoziom nauczania
_aSzkoły wyższe
388 _a2001-
490 1 _aProjektowanie i Wdrażanie Systemów Zarządzania Jakością
504 _aBibliogr. przy rozdz.
650 7 _aZarządzanie jakością
655 4 _aPodręczniki akademickie
658 _aZarządzanie i marketing
700 1 _aPacana, Andrzej
_eAutor
710 2 _aOficyna Wydawnicza Politechniki Rzeszowskiej
_4pbl.
830 0 _aProjektowanie i Wdrażanie Systemów Zarządzania Jakością
856 _uhttp://koha.tu.koszalin.pl/cgi-bin/koha/opac-detail.pl?biblionumber=40241
_yKatalog online BPK
942 _2UKD
_cKS
999 _c40241
_d40241